Fr. Conceicao Rodrigues College of Engineering

Social Studies (Record no. 30497)

MARC details
000 -LEADER
fixed length control field 00292nam a2200145Ia 4500
082 ## - DEWEY DECIMAL CLASSIFICATION NUMBER
Classification number 302
Item number Sha
100 ## - MAIN ENTRY--PERSONAL NAME
Personal name Sharma/Pramod
245 ## - TITLE STATEMENT
Title Social Studies
260 ## - PUBLICATION, DISTRIBUTION, ETC.
Name of publisher, distributor, etc. Asian Pub.
Place of publication, distribution, etc. Delhi
Date of publication, distribution, etc. 1990
300 ## - PHYSICAL DESCRIPTION
Extent 260
546 ## - LANGUAGE NOTE
Language note HINDI
654 ## - SUBJECT ADDED ENTRY--FACETED TOPICAL TERMS
Focus term Social Studies
942 ## - ADDED ENTRY ELEMENTS (KOHA)
Koha item type Reference Book
Holdings
Withdrawn status Lost status Damaged status Not for loan Collection Home library Current library Shelving location Date acquired Total Checkouts Full call number Barcode Date last seen Price effective from Koha item type
        AFT Fr. Agnel's C.Rodrigues College of Engineering Fr. Agnel's C.Rodrigues College of Engineering   17/03/2023   302 Sha AFT5945 17/03/2023 17/03/2023 Reference Book